[Event "Liffre op"]
[Site "Liffre"]
[Date "2016.10.23"]
[Round "3"]
[White "Durand Le Ludec, Brendan Bubok"]
[Black "Martin, Yvon"]
[Result "1-0"]
[WhiteElo "2128"]
[BlackElo "1728"]
[PlyCount "57"]
[EventDate "2016.10.22"]
[EventType "swiss"]
[EventRounds "9"]
[EventCountry "FRA"]
[SourceTitle "CBM 175 Extra"]
[Source "ChessBase"]
[SourceDate "2016.12.12"]
[SourceVersion "1"]
[SourceVersionDate "2016.12.12"]
[SourceQuality "1"]

1. Nf3 Nf6 2. g3 g6 3. Bg2 Bg7 4. 0-0 0-0 5. d4 d6 6. a4 Nbd7 7. a5 c5 8. Nc3 cxd4 9. Nxd4 Nc5 10. a6 Qb6 11. Nb3 Nfd7 12. Be3 Bxc3 13. bxc3 Rb8 14. Nd4 Ne5 15. Bg5 Re8 16. axb7 Bxb7 17. Rb1 Qc7 18. Bxb7 Rxb7 19. f4 Rxb1 20. Qxb1 Rb8 21. Qa2 Ng4 22. f5 Ne5 23. Nf3 Ne4 24. Be3 Nxc3 25. Qa6 Ng4 26. Bd4 f6 27. fxg6 hxg6 28. Qd3 f5 29. Bxc3 1-0

[Event "FRA-chT4 0405"]
[Site "Bretagne"]
[Date "2005.01.09"]
[Round "4"]
[White "Martin, Yvon"]
[Black "Boizard, Antoine"]
[Result "1-0"]
[WhiteElo "1740"]
[BlackElo "1610"]
[PlyCount "77"]
[EventDate "2004.04.03"]
[EventType "team"]
[EventRounds "7"]
[EventCountry "FRA"]
[SourceTitle "EXT 2007"]
[Source "ChessBase"]
[SourceDate "2006.11.23"]
[SourceVersion "1"]
[SourceVersionDate "2006.11.23"]
[SourceQuality "1"]

1. d4 d5 2. c4 e6 3. Nc3 Nf6 4. cxd5 exd5 5. Bg5 c6 6. Qc2 Bb4 7. a3 Bd6 8. e3 0-0 9. Bd3 Nbd7 10. Bxh7+ Kh8 11. Bd3 Qc7 12. Nge2 c5 13. Nf4 c4 14. Be2 Rg8 15. Bxf6 Bxf4 16. Nxd5 Qa5+ 17. Nc3 Nxf6 18. exf4 Re8 19. 0-0 Be6 20. Bf3 Qc7 21. d5 Bg4 22. Bxg4 Nxg4 23. Qf5 Nf6 24. Rad1 Rad8 25. g3 a6 26. a4 Rd6 27. Rfe1 Red8 28. Re5 R8d7 29. Rde1 g6 30. Qh3+ Kg7 31. g4 Qb6 32. Ne4 Rd8 33. Nxd6 Qxd6 34. Qc3 Kg8 35. g5 Nh7 36. Re8+ Rxe8 37. Rxe8+ Nf8 38. Qxc4 Qxf4 39. Qxf4 1-0